000 00676nam a2200217Ia 4500
001 15807
003 GE_BSU
008 181216s||||||||xx |||||||||||||| ||und||
040 _cGE_BSU
080 _a821.353.1-32
245 _aალ-არზაკის სიკვდილი
245 _bმოთხრობა
245 _cკონსტანტინე ლორთქიფანიძის რედ.
260 _aთბილისი
260 _bნაკადული
260 _c1968
300 _a24გვ. ; 21სმ
653 _aალ-არზაკის სიკვდილი
653 _aმოთხრობა
942 _cBK
999 _c48904
_d48904